000 00621nam a2200205 a 4500
003 OSt
005 20240226093911.0
008 180221t2004 pk | |||| 00| e urd d
020 _a9693516540
040 _c0
082 _a891.4396
_bQUR 2004
100 1 _aانتظارحسين
_947098
245 1 0 _aْبوندبوند
_cIntizar Husain
246 _aBoond Boond
260 _aLahore:
_bSang e Meel Pub;
_c2004.
300 _a502 p.
650 _aUrdu literature
_vEssays.
_9121272
942 _2ddc
_cBK
_aSADA
_k891.4396 QUR 2004
999 _c608117
_d608117